000 01381nam a2200313 i 4500
001 180199
003 ES-MaACL
005 20230927171231.0
008 120516s2010 sp |||| | spa d
020 _a978-84-937101-4-9
080 _a81(081)Costa, Joaquín
100 1 _aCosta, Joaquín,
_d1846-1911
_941054
245 1 0 _aTextos sobre las lenguas de Aragón /
_cJoaquín Costa ; introducción general de Ramón Sistac.
260 _aZaragoza :
_bAladrada,
_c[2010]
300 _a2 v. (139 ; 142 p.) ;
_c21 cm.
490 1 _aBiblioteca de las lenguas de Aragón ;
_v3-4
505 8 _aContiene: 1. Los dialectos de transición en general y los celtibérico-latinos en particular - 2. Artículos y otros escritos / edición de José Ignacio López Susín
650 4 _aLengua española-
_zAragón.
_9172887
650 4 _aDialecto aragonés.
_9172888
700 1 _aSistac i Vicén, Ramon.
_9150020
700 1 _aLópez Susín, José Ignacio.
_9150021
710 2 _aFundación Joaquín Costa.
_94336
740 4 2 _aLos dialectos de transición en general y los celtibérico-latinos en particular.
830 1 _aBiblioteca de las lenguas de Aragón ;
_v3-4
_9224607
852 _aES-MaACL
_jA-12001
_9187109
_bR.148745
_cDEPO1
_dOlim: N-5006
852 _aES-MaACL
_jA-12002
_9200541
_bR.148745
_cDEPO1
_dOlim: N-5007
942 _2udc
_cMONOGRAFIA
999 _c180199
_d180199